| 000 | 00707nam a2200229 a 4500 | ||
|---|---|---|---|
| 005 | 20240213064449.0 | ||
| 008 | 100830s1989 ec r 000 0 spa d | ||
| 020 | _a9978801693 | ||
| 035 | _aUPN01000177564 | ||
| 049 | _aCG | ||
| 050 | 4 |
_aLB1719 A4.4 _bU2.2 |
|
| 100 | 1 |
_aUbidia, Abdón, _d1944- _933202 |
|
| 245 | 1 | 0 |
_aDivertinventos : _blibro de fantasías y utopías / _cAbdón Ubidia |
| 260 |
_aQuito : _bLibresa, _c1989. |
||
| 300 | _a116 p. | ||
| 440 | 0 | _aCrónica de sueños | |
| 650 | 4 |
_aMAESTROS EN SERVICIO, FORMACION DE - _zAMERICA LATINA _9872 |
|
| 650 | 7 |
_aEstrategias educativas _2 _91510 |
|
| 650 | 4 |
_aCiencia ficción _vCuentos y leyendas _913121 |
|
| 905 | _aLibro | ||
| 999 |
_c149667 _d149667 |
||